Microbiología enológica : fundamentos de vinificación /

Guardado en:
Autor Principal: Suárez Lepe, José Antonio
Otros Autores: Iñigo Leal, Baldomero
Formato: Libro
Publicado: Madrid : Mundi-prensa, 2004
Materias:
Etiquetas: Agregar Etiqueta
Sin Etiquetas, Sea el primero en etiquetar este registro!
LEADER 00983nam a22002295a 4500
001 CEM.cems017680
005 20110831124433.0
008 130507s2004##################000#0#####d
003 CEMS
020 |a 8484761843 
082 0 4 |a 663.2 
100 1 |a Suárez Lepe, José Antonio 
245 1 0 |a Microbiología enológica :  |b fundamentos de vinificación /  |c José Antonio Suárez Lepe y Baldomero Iñigo Leal 
260 |a Madrid :  |b Mundi-prensa,  |c 2004 
300 |a 715 p. 
505 0 |a Grupos microbianos a considerar en enología -- Mohos, levaduras y bacterias -- Las levaduras vínicas y el proceso fermentativo -- La desacidificación biológica del vino -- Alteraciones de los vinos de origen microbiano -- Vinificaciones especiales desde el punto de vista microbiológico 
653 |a Vinos 
653 |a Vinos-microbiología 
653 |a Vinificación 
653 |a Enología 
700 1 |a Iñigo Leal, Baldomero 
859 |a CEMS  |b BIB. CEMS - Agricultura  |h 663.2  |i Su127a3  |p A1421.11  |t Ej.1